<?xml version="1.0" encoding="UTF-8"?><?xml-stylesheet type="text/xsl" href="static/style.xsl"?><OAI-PMH xmlns="http://www.openarchives.org/OAI/2.0/" xmlns:xsi="http://www.w3.org/2001/XMLSchema-instance" xsi:schemaLocation="http://www.openarchives.org/OAI/2.0/ http://www.openarchives.org/OAI/2.0/OAI-PMH.xsd"><responseDate>2026-04-19T06:33:33Z</responseDate><request verb="GetRecord" identifier="oai:riubu.ubu.es:10259/8958" metadataPrefix="marc">https://riubu.ubu.es/oai/request</request><GetRecord><record><header><identifier>oai:riubu.ubu.es:10259/8958</identifier><datestamp>2024-05-14T08:12:05Z</datestamp><setSpec>com_10259.4_2543</setSpec><setSpec>com_10259_5086</setSpec><setSpec>com_10259_2604</setSpec><setSpec>com_10259_4438</setSpec><setSpec>com_10259_4437</setSpec><setSpec>com_10259.4_106</setSpec><setSpec>com_10259_8953</setSpec><setSpec>com_10259_5841</setSpec><setSpec>col_10259.4_2544</setSpec><setSpec>col_10259_4439</setSpec><setSpec>col_10259_8954</setSpec><setSpec>col_10259_5842</setSpec></header><metadata><record xmlns="http://www.loc.gov/MARC21/slim" xmlns:doc="http://www.lyncode.com/xoai" xmlns:xsi="http://www.w3.org/2001/XMLSchema-instance" xmlns:dcterms="http://purl.org/dc/terms/" xsi:schemaLocation="http://www.loc.gov/MARC21/slim http://www.loc.gov/standards/marcxml/schema/MARC21slim.xsd">
<leader>00925njm 22002777a 4500</leader>
<datafield tag="042" ind1=" " ind2=" ">
<subfield code="a">dc</subfield>
</datafield>
<datafield tag="720" ind1=" " ind2=" ">
<subfield code="a">Sáiz Manzanares, María Consuelo</subfield>
<subfield code="e">author</subfield>
</datafield>
<datafield tag="720" ind1=" " ind2=" ">
<subfield code="a">Martin, Caroline Françoise</subfield>
<subfield code="e">author</subfield>
</datafield>
<datafield tag="720" ind1=" " ind2=" ">
<subfield code="a">Alonso Martínez, Laura</subfield>
<subfield code="e">author</subfield>
</datafield>
<datafield tag="720" ind1=" " ind2=" ">
<subfield code="a">Almeida, Leandro</subfield>
<subfield code="e">author</subfield>
</datafield>
<datafield tag="260" ind1=" " ind2=" ">
<subfield code="c">2021-11</subfield>
</datafield>
<datafield tag="520" ind1=" " ind2=" ">
<subfield code="a">Teaching in higher education in the 21st century is moving towards e-Learning or b-Learning teaching models. This situation has increased due to the SARS CoV-2 health crisis. Therefore, teaching–learning models must be based on the use of active methodologies that facilitate students’ motivation to work in learning management systems (LMS). One of the most current resources is the digital game-based learning (DGBL) use, specifically in health sciences degrees (e.g., nursing). In this study, we worked with 225 third-year students of degrees in nursing (ND) and occupational therapy (OTD). The objectives were (1) to find out if there were significant differences between students who had worked with DGBL techniques vs. those who had not, and (2) to find out if there were significant differences depending on the type of degree (ND vs. OTD) regarding access to the LMS, learning outcomes and students’ satisfaction with teachers’ performance. A mixed-method research approach was applied. In the quantitative study, significant differences were found in the accesses to the LMS in favor of the groups that had worked with DGBL techniques. Significant differences were also found in ND students with respect to learning outcomes in the group that worked with DGBL. Regarding the results of the qualitative study, differences were found in the frequency of interaction and in the preference of DGBL activities depending on the type of degree. Further studies will investigate the possible causes of these differences.</subfield>
</datafield>
<datafield tag="024" ind2=" " ind1="8">
<subfield code="a">1661-7827</subfield>
</datafield>
<datafield tag="024" ind2=" " ind1="8">
<subfield code="a">http://hdl.handle.net/10259/8958</subfield>
</datafield>
<datafield tag="024" ind2=" " ind1="8">
<subfield code="a">10.3390/ijerph182211757</subfield>
</datafield>
<datafield tag="024" ind2=" " ind1="8">
<subfield code="a">1660-4601</subfield>
</datafield>
<datafield ind1=" " ind2=" " tag="653">
<subfield code="a">Higher Education</subfield>
</datafield>
<datafield ind1=" " ind2=" " tag="653">
<subfield code="a">Mixed methods</subfield>
</datafield>
<datafield ind1=" " ind2=" " tag="653">
<subfield code="a">Self-regulated learning</subfield>
</datafield>
<datafield ind1=" " ind2=" " tag="653">
<subfield code="a">Academic achievement</subfield>
</datafield>
<datafield ind1=" " ind2=" " tag="653">
<subfield code="a">Gamification</subfield>
</datafield>
<datafield ind1=" " ind2=" " tag="653">
<subfield code="a">Nursing</subfield>
</datafield>
<datafield ind1=" " ind2=" " tag="653">
<subfield code="a">Occupational therapy</subfield>
</datafield>
<datafield tag="245" ind1="0" ind2="0">
<subfield code="a">Usefulness of Digital Game-Based Learning in Nursing and Occupational Therapy Degrees: A Comparative Study at the University of Burgos</subfield>
</datafield>
</record></metadata></record></GetRecord></OAI-PMH>